[Event "BL 1112 Werder Bremen - OSG Baden-Baden"]
[Site "Bremen"]
[Date "2012.03.17"]
[Round "12.1"]
[White "Anand, Viswanathan"]
[Black "Eljanov, Pavel"]
[Result "1/2-1/2"]
[WhiteElo "2817"]
[BlackElo "2683"]
[PlyCount "94"]
[EventDate "2011.10.14"]

1. d4 d5 2. c4 c6 3. Nf3 Nf6 4. Nc3 dxc4 5. a4 e6 6. e4 Bb4 7. e5 Nd5 8. Bd2 b5
9. axb5 Bxc3 10. bxc3 cxb5 11. Ng5 h6 12. Qh5 g6 13. Qh3 f5 14. exf6 e5 15. f7+
Kf8 16. Ne6+ Ke7 17. Nxd8 Bxh3 18. gxh3 Rxd8 19. dxe5 Kxf7 20. Bg2 Nc6 21. O-O
Nxe5 22. f4 Nd3 23. f5 gxf5 24. Rxf5+ Ke6 25. Rh5 a5 26. Rxh6+ Ke5 27. Be1 N5f4
28. Bg3 Kf5 29. Rf1 Kg5 30. Rb6 Rab8 31. Ra6 Rf8 32. h4+ Kg4 33. Bf3+ Kh3 34.
Bd1 Rg8 35. Rf3 Rbd8 36. Kf1 Ne5 37. Rxf4 Rxd1+ 38. Ke2 Rgd8 39. Rxa5 R1d2+ 40.
Ke3 Ng4+ 41. Ke4 Re8+ 42. Kf5 Ne3+ 43. Kg6 Nd5 44. Rxb5 Nxf4+ 45. Bxf4 Rd3 46.
h5 Rxc3 47. h6 Rb3 1/2-1/2

[Event "BL 1112 Werder Bremen - OSG Baden-Baden"]
[Site "Bremen"]
[Date "2012.03.17"]
[Round "12.2"]
[White "Efimenko, Zahar"]
[Black "Svidler, Peter"]
[Result "1/2-1/2"]
[WhiteElo "2703"]
[BlackElo "2740"]
[PlyCount "60"]
[EventDate "2011.10.14"]

1. e4 e5 2. Nf3 Nc6 3. Bb5 a6 4. Ba4 Nf6 5. O-O Be7 6. d3 b5 7. Bb3 d6 8. a4
Bd7 9. c3 O-O 10. Nbd2 Na5 11. Bc2 c5 12. Re1 Nc6 13. Nf1 h6 14. Ne3 Be6 15. d4
cxd4 16. cxd4 exd4 17. Nxd4 Nxd4 18. Qxd4 Rc8 19. Qd3 Qb6 20. Nd5 Bxd5 21. exd5
Qc5 22. Re2 Rfe8 23. Be3 Qxd5 24. Bd4 Bf8 25. Rxe8 Rxe8 26. axb5 axb5 27. b4
Qe4 28. Bxf6 Qxd3 29. Bxd3 gxf6 30. Kf1 d5 1/2-1/2

[Event "BL 1112 Werder Bremen - OSG Baden-Baden"]
[Site "Bremen"]
[Date "2012.03.17"]
[Round "12.3"]
[White "Adams, Michael"]
[Black "Fressinet, Laurent"]
[Result "1-0"]
[WhiteElo "2733"]
[BlackElo "2696"]
[PlyCount "131"]
[EventDate "2011.10.14"]

1. e4 e5 2. Nf3 Nc6 3. Bb5 Nf6 4. d3 Bc5 5. Bxc6 dxc6 6. Nbd2 Bg4 7. h3 Bxf3 8.
Qxf3 Nd7 9. Qg3 Qf6 10. Nc4 O-O 11. O-O Rfe8 12. a4 Nf8 13. Bg5 Qe6 14. Bd2 Ng6
15. b4 Bf8 16. Qg4 b6 17. g3 f6 18. Bc3 Bd6 19. Ne3 Kh8 20. Kg2 a6 21. Qf3 Ne7
22. h4 b5 23. Rfb1 Qd7 24. h5 h6 25. Qg4 Qxg4 26. Nxg4 Nc8 27. Bd2 Nb6 28. a5
Nd7 29. c4 c5 30. cxb5 axb5 31. bxc5 Nxc5 32. Rxb5 Nxd3 33. Ra4 Ra6 34. Rc4 c5
35. Ne3 Rea8 36. Rc3 Nb4 37. Nc4 Be7 38. Rb3 Nc6 39. Rb6 Nb4 40. Kf3 R6a7 41.
Be3 Kg8 42. Rb2 Rc7 43. Kg4 Kf7 44. Rb1 Nc6 45. R1b5 Nd4 46. Rb1 Nc6 47. R6b5
Nd4 48. Rb7 Rxb7 49. Rxb7 Ke6 50. Bd2 Ra6 51. Bc3 Bf8 52. f4 exf4 53. gxf4 f5+
54. exf5+ Kd5 55. Ne5 Ne2 56. Be1 Bd6 57. Rxg7 Nxf4 58. Nf7 Nd3 59. Nxd6 Nxe1
60. Ne8 Rxa5 61. Rd7+ Kc6 62. Rd6+ Kb5 63. f6 Ra7 64. Re6 Nd3 65. f7 Ra4+ 66.
Kg3 1-0

[Event "BL 1112 Werder Bremen - OSG Baden-Baden"]
[Site "Bremen"]
[Date "2012.03.17"]
[Round "12.4"]
[White "McShane, Luke James"]
[Black "Shirov, Alexei"]
[Result "1/2-1/2"]
[WhiteElo "2671"]
[BlackElo "2713"]
[PlyCount "85"]
[EventDate "2011.10.14"]

1. e4 c5 2. Nc3 Nc6 3. Bb5 Nd4 4. Bc4 e6 5. Nf3 Nf6 6. O-O a6 7. a4 d5 8. exd5
exd5 9. Ba2 Bg4 10. Qe1+ Be7 11. Nxd4 cxd4 12. Ne2 d3 13. cxd3 O-O 14. d4 Bb4
15. Qd1 Bxe2 16. Qxe2 Re8 17. Qf3 Qb6 18. Bxd5 Nxd5 19. Qxd5 Rad8 20. Qf3 Qxd4
21. Qxb7 Bc5 22. g3 h6 23. d3 Qxd3 24. Be3 Bxe3 25. Ra3 Qe4 26. Qxe4 Bxf2+ 27.
Rxf2 Rxe4 28. Raf3 f6 29. Rf4 Re1+ 30. Kg2 Rb8 31. b4 Rb1 32. b5 axb5 33. axb5
R1xb5 34. h4 Re5 35. Rf5 Re1 36. Rf1 Re3 37. R5f3 Re6 38. Rc3 Kh7 39. Rff3 Rb2+
40. Rf2 Rb1 41. Rcc2 Ree1 42. Rb2 Rg1+ 43. Kf3 1/2-1/2

[Event "BL 1112 Werder Bremen - OSG Baden-Baden"]
[Site "Bremen"]
[Date "2012.03.17"]
[Round "12.5"]
[White "Bacrot, Etienne"]
[Black "Areshchenko, Alexander"]
[Result "1/2-1/2"]
[WhiteElo "2705"]
[BlackElo "2672"]
[PlyCount "66"]
[EventDate "2011.10.14"]

1. d4 Nf6 2. c4 g6 3. Nc3 d5 4. cxd5 Nxd5 5. e4 Nxc3 6. bxc3 Bg7 7. Bc4 c5 8.
Ne2 Nc6 9. Be3 O-O 10. O-O Bg4 11. f3 Bd7 12. Rb1 Qc7 13. Bf4 Qc8 14. Rc1 Qd8
15. Qd2 cxd4 16. cxd4 Qa5 17. Qxa5 Nxa5 18. Bd3 Rfc8 19. Rb1 a6 20. Rfc1 Rxc1+
21. Rxc1 Rc8 22. Bc7 Nc6 23. Bb6 e6 24. Kf2 Bf8 25. g4 Be7 26. Ke3 e5 27. dxe5
Nxe5 28. Rxc8+ Bxc8 29. Nc3 Be6 30. Be2 g5 31. Nd5 Kf8 32. Nxe7 Kxe7 33. a3
Nc4+ 1/2-1/2

[Event "BL 1112 Werder Bremen - OSG Baden-Baden"]
[Site "Bremen"]
[Date "2012.03.17"]
[Round "12.6"]
[White "Roiz, Michael"]
[Black "Naiditsch, Arkadij"]
[Result "1/2-1/2"]
[WhiteElo "2668"]
[BlackElo "2707"]
[PlyCount "41"]
[EventDate "2011.10.14"]

1. Nf3 d5 2. g3 Nf6 3. Bg2 c5 4. O-O Nc6 5. d4 e6 6. c4 dxc4 7. dxc5 Qxd1 8.
Rxd1 Bxc5 9. Nbd2 c3 10. bxc3 O-O 11. Nb3 Be7 12. Nfd4 Bd7 13. Nxc6 Bxc6 14.
Bxc6 bxc6 15. c4 Rfb8 16. Be3 Ng4 17. Bd2 Bb4 18. Rac1 a5 19. h3 Nf6 20. Nd4
Ne4 21. Be3 1/2-1/2

[Event "BL 1112 Werder Bremen - OSG Baden-Baden"]
[Site "Bremen"]
[Date "2012.03.17"]
[Round "12.7"]
[White "Nielsen, Peter-Heine"]
[Black "Nyback, Tomi"]
[Result "1/2-1/2"]
[WhiteElo "2687"]
[BlackElo "2627"]
[PlyCount "80"]
[EventDate "2011.10.14"]

1. Nf3 Nf6 2. c4 g6 3. d4 Bg7 4. Nc3 d5 5. Bf4 O-O 6. e3 c5 7. dxc5 Qa5 8. Rc1
dxc4 9. Bxc4 Qxc5 10. Bb3 Nc6 11. O-O Qa5 12. h3 Bf5 13. Qe2 Ne4 14. Nd5 e5 15.
Bg5 Nxg5 16. Nxg5 Qd8 17. h4 h6 18. g4 Bd7 19. Ne4 Qxh4 20. f3 Kh8 21. Rf2 f5
22. Rh2 Qd8 23. Rxh6+ Bxh6 24. Qh2 Kg7 25. Rxc6 fxe4 26. Qxe5+ Kh7 27. Nf6+
Rxf6 28. Rxf6 Be8 29. g5 Rc8 30. Bd5 Bxg5 31. Qxg5 Kg7 32. Rf5 exf3 33. Qg3 Qe7
34. Rxf3 Rc1+ 35. Rf1 Rxf1+ 36. Kxf1 Qf6+ 37. Kg1 Qxb2 38. Qc7+ Kh6 39. Qf4+
Kg7 40. Qc7+ Kh6 1/2-1/2

[Event "BL 1112 Werder Bremen - OSG Baden-Baden"]
[Site "Bremen"]
[Date "2012.03.17"]
[Round "12.8"]
[White "Hammer, Jon Ludwig"]
[Black "Kasimdzhanov, Rustam"]
[Result "1/2-1/2"]
[WhiteElo "2601"]
[BlackElo "2678"]
[PlyCount "68"]
[EventDate "2011.10.14"]

1. d4 Nf6 2. c4 e6 3. Nc3 Bb4 4. Nf3 b6 5. e3 Ne4 6. Qc2 Bb7 7. Bd3 f5 8. O-O
Bxc3 9. bxc3 O-O 10. Nd2 Qh4 11. f3 Nxd2 12. Bxd2 Nc6 13. Rae1 Ne7 14. Re2 Ng6
15. e4 fxe4 16. Bxe4 Bxe4 17. Rxe4 Qh5 18. Qa4 Rf7 19. Be1 Qg5 20. Bg3 Qd2 21.
Qb3 Raf8 22. c5 bxc5 23. dxc5 Qg5 24. Qa3 Qd5 25. Ra4 Nf4 26. Bxf4 Rxf4 27.
Rxa7 Qc6 28. Qa5 Rc8 29. Ra6 Qd5 30. c6 Qxa5 31. Rxa5 d6 32. Re1 Rc4 33. Rxe6
Rxc3 34. Re7 Rxc6 1/2-1/2

[Event "BL 1112 Turm Emsdetten - SG Turm Trier"]
[Site "Bremen"]
[Date "2012.03.17"]
[Round "12.1"]
[White "Cyborowski, Lukasz"]
[Black "Giri, Anish"]
[Result "1/2-1/2"]
[WhiteElo "2543"]
[BlackElo "2722"]
[PlyCount "110"]
[EventDate "2011.10.14"]

1. Nf3 Nf6 2. c4 g6 3. Nc3 Bg7 4. g3 O-O 5. Bg2 c6 6. O-O d5 7. cxd5 cxd5 8. d4
e6 9. Ne5 Nfd7 10. f4 Nc6 11. Be3 Nb6 12. Bf2 Ne7 13. a4 a5 14. Qb3 Bd7 15.
Nxd7 Nxd7 16. Rfd1 Nf6 17. Rac1 Ng4 18. Nb5 Nf5 19. Bh3 h5 20. Qf3 Nxf2 21.
Kxf2 Nd6 22. Qd3 Ra6 23. e3 Rc6 24. Bf1 Ne4+ 25. Kg2 Qb8 26. Rc2 Rfc8 27. Rdc1
Bf8 28. Qd1 Bb4 29. Bd3 Bd2 30. Rb1 Bxe3 31. Bxe4 dxe4 32. Rc3 Bxf4 33. gxf4
Qxf4 34. Qe2 f5 35. Kh1 Kh7 36. Rf1 Qh4 37. Qg2 Rxc3 38. bxc3 Qg4 39. Qg3 Qxg3
40. hxg3 Kh6 41. Rc1 Rc4 42. Nd6 Rxa4 43. Nxb7 Ra2 44. c4 a4 45. c5 Rd2 46. c6
e3 47. Kg1 e2 48. Re1 Rxd4 49. Rxe2 Rc4 50. Nd8 a3 51. Ra2 Rc3 52. Kf2 e5 53.
Nf7+ Kg7 54. Nxe5 Kf6 55. Nf3 Rxc6 1/2-1/2

[Event "BL 1112 Turm Emsdetten - SG Turm Trier"]
[Site "Bremen"]
[Date "2012.03.17"]
[Round "12.2"]
[White "Mchedlishvili, Mikheil"]
[Black "Gonda, Laszlo"]
[Result "1/2-1/2"]
[WhiteElo "2623"]
[BlackElo "2520"]
[PlyCount "79"]
[EventDate "2011.10.14"]

1. Nf3 d5 2. g3 c6 3. Bg2 Bg4 4. c4 Nf6 5. Ne5 Be6 6. cxd5 Bxd5 7. Nf3 c5 8.
O-O e6 9. Nc3 Bc6 10. Re1 Be7 11. e4 O-O 12. d4 cxd4 13. Nxd4 Qb6 14. Nb3 Rd8
15. Qe2 Qa6 16. Qc2 Nbd7 17. Be3 Rac8 18. Qb1 b6 19. Nd4 Ba8 20. f3 Ne5 21. Qc2
Qd3 22. Qd1 Qxd1 23. Nxd1 Nc4 24. Bf2 Bc5 25. Nb3 Bxf2+ 26. Kxf2 Ne5 27. Bf1 g5
28. h3 Rc2+ 29. Re2 Rdc8 30. Rxc2 Rxc2+ 31. Be2 h5 32. Ke3 Rc8 33. Rc1 Rxc1 34.
Nxc1 Ng6 35. Nc3 h4 36. g4 Nf4 37. Bf1 Kf8 38. Nb5 a5 39. Nd3 Nxd3 40. Bxd3
1/2-1/2

[Event "BL 1112 Turm Emsdetten - SG Turm Trier"]
[Site "Bremen"]
[Date "2012.03.17"]
[Round "12.3"]
[White "Gordon, Stephen"]
[Black "Spoelman, Wouter"]
[Result "1-0"]
[WhiteElo "2535"]
[BlackElo "2563"]
[PlyCount "55"]
[EventDate "2011.10.14"]

1. d4 d5 2. c4 c6 3. Nf3 e6 4. Qc2 Nd7 5. g3 Ngf6 6. Bg2 Bd6 7. O-O O-O 8. Nc3
dxc4 9. Rd1 Qc7 10. Nd2 Nb6 11. Nce4 Nxe4 12. Nxe4 Bd7 13. a4 a5 14. Nxd6 Qxd6
15. e4 Rfd8 16. Bd2 Be8 17. b3 c5 18. Bf4 Qe7 19. d5 exd5 20. exd5 cxb3 21.
Qxb3 Nc8 22. Re1 Qd7 23. Qc2 Nd6 24. Qxc5 Ra6 25. Bf1 Rc8 26. Qa3 Rb6 27. Rac1
Rd8 28. Qe3 1-0

[Event "BL 1112 Turm Emsdetten - SG Turm Trier"]
[Site "Bremen"]
[Date "2012.03.17"]
[Round "12.4"]
[White "Ipatov, Alexander"]
[Black "Jaracz, Pawel"]
[Result "1/2-1/2"]
[WhiteElo "2591"]
[BlackElo "2558"]
[PlyCount "45"]
[EventDate "2011.10.14"]

1. d4 d5 2. c4 c6 3. Nf3 Nf6 4. Nbd2 Bf5 5. Nh4 Be4 6. f3 Bg6 7. Qb3 Qc7 8. g4
e6 9. e4 Be7 10. Nxg6 hxg6 11. Be2 g5 12. Nf1 dxe4 13. Ng3 exf3 14. Qxf3 Qa5+
15. Kf1 Nbd7 16. Kg2 Nf8 17. Qc3 Qc7 18. Bxg5 Ng6 19. h4 Ng8 20. h5 Bxg5 21.
hxg6 Rxh1 22. gxf7+ Qxf7 23. Rxh1 1/2-1/2

[Event "BL 1112 Turm Emsdetten - SG Turm Trier"]
[Site "Bremen"]
[Date "2012.03.17"]
[Round "12.5"]
[White "Galyas, Miklos"]
[Black "Swiercz, Dariusz"]
[Result "0-1"]
[WhiteElo "2458"]
[BlackElo "2585"]
[PlyCount "96"]
[EventDate "2011.10.14"]

1. c4 f5 2. Nc3 Nf6 3. d4 d6 4. Nf3 g6 5. e3 Bg7 6. Be2 O-O 7. b4 e5 8. dxe5
dxe5 9. Qxd8 Rxd8 10. Bb2 e4 11. Nd4 c6 12. O-O Re8 13. c5 Kh8 14. Nb1 a5 15.
a3 axb4 16. axb4 Rxa1 17. Bxa1 Nd5 18. Nd2 Nxb4 19. Nc4 Nd3 20. Nd6 Rf8 21. f3
Na6 22. fxe4 Naxc5 23. exf5 gxf5 24. Nxc8 Rxc8 25. Nxf5 Bxa1 26. Rxa1 Ne5 27.
Rc1 Ncd7 28. Nd6 Rb8 29. Bf3 Kg7 30. Be4 Nf6 31. Bf3 Kf8 32. h3 Ke7 33. Nf5+
Kd7 34. Rd1+ Kc7 35. Rd6 Nfd7 36. Rh6 b5 37. Nd4 c5 38. Ne6+ Kb6 39. Nd4+ Ka5
40. Nc6+ Nxc6 41. Rxc6 Kb4 42. Be2 c4 43. Kf2 Nc5 44. g4 c3 45. Ke1 Rd8 46. Bd1
Rd2 47. Be2 Nd3+ 48. Kf1 Kb3 0-1

[Event "BL 1112 Turm Emsdetten - SG Turm Trier"]
[Site "Bremen"]
[Date "2012.03.17"]
[Round "12.6"]
[White "Brandenburg, Daan"]
[Black "Seger, Ruediger"]
[Result "1-0"]
[WhiteElo "2522"]
[BlackElo "2390"]
[PlyCount "89"]
[EventDate "2011.10.14"]

1. e4 c6 2. d4 d5 3. Nc3 dxe4 4. Nxe4 Bf5 5. Ng3 Bg6 6. Nh3 e6 7. Nf4 Bd6 8.
Bc4 Nf6 9. c3 Nbd7 10. Qf3 Nb6 11. Bb3 Nbd5 12. Nxg6 hxg6 13. Bg5 Be7 14. O-O-O
b5 15. h4 Rc8 16. Kb1 a5 17. a3 a4 18. Ba2 Qc7 19. Rde1 Rd8 20. Ka1 Kf8 21. Bb1
Kg8 22. Bc1 Bd6 23. Ne4 Bf4 24. g3 Bxc1 25. Rxc1 Nxe4 26. Bxe4 Ne7 27. h5 g5
28. Qe3 f6 29. Bg6 Rd6 30. f4 g4 31. f5 Qd7 32. fxe6 Rxe6 33. Qf4 Nxg6 34. hxg6
Rxh1 35. Rxh1 Re8 36. Qf2 Qd5 37. Qh2 Kf8 38. Rf1 Re3 39. Rxf6+ Ke7 40. Rf1 Qe6
41. Qh4+ Kd6 42. Qd8+ Qd7 43. Qg5 Re7 44. Qc5+ Kc7 45. d5 1-0

[Event "BL 1112 Turm Emsdetten - SG Turm Trier"]
[Site "Bremen"]
[Date "2012.03.17"]
[Round "12.7"]
[White "Cioara, Andrei Nestor"]
[Black "Janssen, Ruud"]
[Result "1-0"]
[WhiteElo "2436"]
[BlackElo "2498"]
[PlyCount "81"]
[EventDate "2011.10.14"]

1. d4 Nf6 2. c4 e6 3. g3 c5 4. d5 exd5 5. cxd5 d6 6. Nc3 g6 7. Bg2 Bg7 8. Nf3
O-O 9. O-O Re8 10. Bf4 Ne4 11. Nxe4 Rxe4 12. Nd2 Rxf4 13. gxf4 Bxb2 14. Rb1 Bg7
15. Nc4 Bf8 16. e3 Nd7 17. a4 b6 18. Re1 Ba6 19. Bf1 Qh4 20. Qf3 Nf6 21. a5 b5
22. Na3 Bb7 23. Nxb5 Bxd5 24. Qh3 Qxh3 25. Bxh3 Bc6 26. a6 d5 27. Bg2 c4 28.
Nd4 Rc8 29. Bh3 Rc7 30. Rb8 Ne4 31. Reb1 Nc5 32. Bc8 Kg7 33. Bb7 Ba4 34. Bxd5
Nxa6 35. R8b7 c3 36. Rxc7 Nxc7 37. Bb3 Bd7 38. Bc4 Ba4 39. Rb7 Bd6 40. Rxa7 Bd1
41. Ra1 1-0

[Event "BL 1112 Turm Emsdetten - SG Turm Trier"]
[Site "Bremen"]
[Date "2012.03.17"]
[Round "12.8"]
[White "Pruijssers, Roeland"]
[Black "Kolbus, Dietmar"]
[Result "1-0"]
[WhiteElo "2475"]
[BlackElo "2325"]
[PlyCount "155"]
[EventDate "2011.10.14"]

1. e4 c6 2. d4 d5 3. e5 Bf5 4. Nd2 e6 5. Ngf3 Nd7 6. Be2 c5 7. dxc5 Bxc5 8. Nb3
Bb6 9. Nfd4 Ne7 10. f4 Be4 11. Bf3 Bxf3 12. Qxf3 Nc6 13. Be3 Nxd4 14. Nxd4 O-O
15. O-O-O Qe7 16. Rhe1 Rfc8 17. Kb1 a6 18. f5 Bxd4 19. Bxd4 exf5 20. e6 fxe6
21. Qxd5 Nf8 22. Qxf5 Rc6 23. Qe4 Rac8 24. Re2 Rd8 25. Rd3 Qf7 26. b3 Rcd6 27.
Rf2 Qd7 28. Rfd2 Qf7 29. h4 Qg6 30. Qxb7 e5 31. Bxe5 Rxd3 32. cxd3 Rxd3 33. Rc2
Rd2 34. Qc6 Qxc6 35. Rxc6 Rxg2 36. Rxa6 Ng6 37. Ra8+ Kf7 38. Ra7+ Ke6 39. Bxg7
Nxh4 40. Bc3 h5 41. Ra5 Ng6 42. Rxh5 Nf4 43. Rh1 Kd5 44. Rd1+ Kc6 45. a3 Nd5
46. Rc1 Kb7 47. Bd4 Rd2 48. Rc4 Nc7 49. a4 Ne6 50. Bb2 Nc7 51. Ka2 Nd5 52. Ka3
Ne3 53. Re4 Nd5 54. Bd4 Kc6 55. Be5 Kb7 56. Rh4 Re2 57. Bh8 Rf2 58. Rh3 Rc2 59.
Bd4 Rd2 60. Bc5 Rc2 61. b4 Rc3+ 62. Rxc3 Nxc3 63. b5 Nd5 64. Kb3 Nc7 65. Kc4
Na6 66. Bd6 Kb6 67. Kd5 Kb7 68. a5 Ka8 69. Kc6 Ka7 70. Ba3 Nb8+ 71. Kc7 Na6+
72. Kc8 Ka8 73. b6 Nc5 74. a6 Nxa6 75. b7+ Ka7 76. Bc5+ Nxc5 77. b8=Q+ Ka6 78.
Qb4 1-0

[Event "BL 1112 USV TU Dresden - SG Solingen"]
[Site "Dresden"]
[Date "2012.03.17"]
[Round "12.1"]
[White "Ragger, Markus"]
[Black "Almasi, Zoltan"]
[Result "1-0"]
[WhiteElo "2655"]
[BlackElo "2710"]
[PlyCount "74"]
[EventDate "2011.10.14"]

1. d4 Nf6 2. c4 e6 3. Nf3 b6 4. g3 Ba6 5. b3 Bb4+ 6. Bd2 Be7 7. Bg2 c6 8. O-O
d5 9. Qc2 Nbd7 10. Rd1 Rc8 11. Nc3 O-O 12. e4 dxc4 13. Bf4 Bb4 14. e5 Nd5 15.
Bg5 Be7 16. Ne4 b5 17. Bxe7 Qxe7 18. Nd6 Rc7 19. bxc4 bxc4 20. Nd2 c5 21. Qa4
Nb8 22. dxc5 Rxc5 23. Qa3 Qc7 24. Rac1 Ra5 25. Qf3 Nd7 26. Qe4 c3 27. Nf3 Nc5
28. Qh4 Ra4 29. Nd4 Qb6 30. Bxd5 exd5 31. Rxc3 Ne4 32. Nxe4 dxe4 33. Nf5 Rxa2
34. Re3 Bd3 35. Qg5 g6 36. Nh6+ Kg7 37. Ng4 Rg8 1-0

[Event "BL 1112 USV TU Dresden - SG Solingen"]
[Site "Dresden"]
[Date "2012.03.17"]
[Round "12.2"]
[White "Socko, Bartosz"]
[Black "Sandipan, Chanda"]
[Result "1-0"]
[WhiteElo "2628"]
[BlackElo "2640"]
[PlyCount "71"]
[EventDate "2011.10.14"]

1. e4 e5 2. Nf3 Nc6 3. Bc4 Bc5 4. c3 Nf6 5. d3 O-O 6. O-O d5 7. exd5 Nxd5 8. b4
Be7 9. a4 Bf6 10. Ra3 Bf5 11. a5 e4 12. dxe4 Bxe4 13. Re1 Ndxb4 14. Qxd8 Rfxd8
15. Rxe4 Nc2 16. Bd2 Nxa3 17. Nxa3 Nxa5 18. Ba2 Rd7 19. Nb1 Nc6 20. g4 Re7 21.
Rf4 Ne5 22. g5 Nxf3+ 23. Rxf3 Be5 24. Na3 c6 25. Nc4 Bc7 26. Kg2 Rd8 27. g6 Rd5
28. gxf7+ Kf8 29. Bc1 b5 30. Na5 Rd1 31. Nxc6 Re2 32. Ba3+ Bd6 33. Bb3 Rdd2 34.
Bc1 Rc2 35. Bxc2 Rxc2 36. Nd4 1-0

[Event "BL 1112 USV TU Dresden - SG Solingen"]
[Site "Dresden"]
[Date "2012.03.17"]
[Round "12.3"]
[White "Smeets, Jan"]
[Black "Gajewski, Grzegorz"]
[Result "0-1"]
[WhiteElo "2619"]
[BlackElo "2607"]
[PlyCount "122"]
[EventDate "2011.10.14"]

1. e4 e5 2. Nf3 Nc6 3. Bb5 a6 4. Bxc6 dxc6 5. O-O Be6 6. Nxe5 Qd4 7. Nf3 Qxe4
8. Ng5 Qf5 9. Nxe6 fxe6 10. d3 Nf6 11. Qe2 O-O-O 12. Nd2 Bc5 13. Nf3 e5 14. Nh4
Qe6 15. Be3 Bd6 16. Bg5 e4 17. c3 Rde8 18. Rae1 Qd7 19. g3 exd3 20. Qxd3 Bc5
21. Qf5 Qxf5 22. Nxf5 Rxe1 23. Rxe1 Ng4 24. Be3 Nxe3 25. Nxe3 Rd8 26. Rd1 Rd6
27. Rxd6 cxd6 28. Nf5 g6 29. Nh4 Kd7 30. Kf1 d5 31. f4 Be7 32. Nf3 Bf6 33. Ke2
b5 34. Kd3 c5 35. g4 Ke6 36. Ng1 a5 37. Ne2 Kd6 38. Ke3 Ke6 39. Kd3 Bg7 40. Ke3
Kd6 41. Kd3 Kc6 42. b4 axb4 43. cxb4 c4+ 44. Ke3 Bb2 45. Nd4+ Kb6 46. f5 gxf5
47. gxf5 Bc1+ 48. Ke2 Bg5 49. Ne6 Be7 50. a3 Kc6 51. Nd4+ Kb6 52. Ne6 h6 53.
Nf4 Kc6 54. Nh5 Bg5 55. f6 Kd7 56. f7 Ke7 57. h4 Bc1 58. Nf6 d4 59. a4 Kxf7 60.
a5 Kxf6 61. a6 d3+ 0-1

[Event "BL 1112 USV TU Dresden - SG Solingen"]
[Site "Dresden"]
[Date "2012.03.17"]
[Round "12.4"]
[White "Boensch, Uwe"]
[Black "Stellwagen, Daniel"]
[Result "1/2-1/2"]
[WhiteElo "2530"]
[BlackElo "2625"]
[PlyCount "86"]
[EventDate "2011.10.14"]

1. d4 Nf6 2. c4 g6 3. Nc3 Bg7 4. e4 d6 5. Be2 O-O 6. Bg5 a6 7. Nf3 Bg4 8. O-O
Nfd7 9. Qd2 Bxf3 10. Bxf3 Nc6 11. Ne2 Qe8 12. Rac1 e5 13. d5 Nd4 14. Nxd4 exd4
15. Rfe1 c5 16. dxc6 bxc6 17. b4 Qb8 18. c5 Re8 19. Bg4 Ne5 20. Be2 a5 21. f4
Nd7 22. cxd6 Qxd6 23. b5 d3 24. bxc6 Nc5 25. Bf3 Qxc6 26. e5 Qb6 27. Kh1 Rac8
28. Bh4 Qb4 29. Red1 Qxd2 30. Rxd2 Ne6 31. Rxc8 Rxc8 32. Rxd3 Nxf4 33. Rd8+
Rxd8 34. Bxd8 a4 35. Bc6 a3 36. Be7 Bf8 37. Bf6 Bg7 38. Be7 Bf8 39. Bf6 Bc5 40.
g3 Nd3 41. Bd5 Bd4 42. Be7 Bc5 43. Bf6 Bd4 1/2-1/2

[Event "BL 1112 USV TU Dresden - SG Solingen"]
[Site "Dresden"]
[Date "2012.03.17"]
[Round "12.5"]
[White "Nikolic, Predrag"]
[Black "Maiwald, Jens-Uwe"]
[Result "1-0"]
[WhiteElo "2636"]
[BlackElo "2459"]
[PlyCount "77"]
[EventDate "2011.10.14"]

1. d4 g6 2. Nf3 Bg7 3. g3 c5 4. d5 d6 5. c4 Nf6 6. Bg2 b5 7. cxb5 Qa5+ 8. Nfd2
Qxb5 9. Nc3 Qa6 10. O-O Nbd7 11. Re1 O-O 12. h3 Rb8 13. Bf1 c4 14. Rb1 Nc5 15.
e4 Nd3 16. Re3 Bh6 17. f4 Nxc1 18. Qxc1 e5 19. dxe6 Bxe6 20. b3 g5 21. f5 g4
22. Re2 Bd7 23. Qe1 cxb3 24. axb3 Qb6+ 25. Kh2 Bc6 26. Nc4 Qb4 27. Bg2 gxh3 28.
Kxh3 Rfe8 29. Rd1 d5 30. e5 Bd7 31. exf6 Rxe2 32. Qxe2 Qxc3 33. Rxd5 Bc6 34.
Ne5 Bxd5 35. Bxd5 Qd2 36. Qc4 Qg5 37. Nxf7 Qh5+ 38. Kg2 Bd2 39. Bf3 1-0

[Event "BL 1112 USV TU Dresden - SG Solingen"]
[Site "Dresden"]
[Date "2012.03.17"]
[Round "12.6"]
[White "Tischbierek, Raj"]
[Black "Naumann, Alexander"]
[Result "1/2-1/2"]
[WhiteElo "2454"]
[BlackElo "2546"]
[PlyCount "44"]
[EventDate "2011.10.14"]

1. e4 e5 2. Nc3 Nc6 3. g3 Bc5 4. Bg2 Nf6 5. Nge2 a6 6. Nd5 d6 7. O-O Nxd5 8.
exd5 Ne7 9. d4 exd4 10. Nxd4 O-O 11. c3 Nf5 12. b4 Ba7 13. Nb3 Qf6 14. Qd2 Re8
15. Bb2 Qg6 16. c4 h5 17. c5 a5 18. a3 dxc5 19. Nxc5 Nd6 20. Rac1 axb4 21. axb4
Bf5 22. Bd4 Bb6 1/2-1/2

[Event "BL 1112 USV TU Dresden - SG Solingen"]
[Site "Dresden"]
[Date "2012.03.17"]
[Round "12.7"]
[White "Hoffmann, Michael"]
[Black "Uhlmann, Wolfgang"]
[Result "1-0"]
[WhiteElo "2496"]
[BlackElo "2379"]
[PlyCount "62"]
[EventDate "2011.10.14"]

1. d4 Nf6 2. c4 g6 3. Nc3 Bg7 4. e4 O-O 5. f4 c5 6. d5 d6 7. Nf3 e6 8. Be2 exd5
9. cxd5 Re8 10. e5 dxe5 11. fxe5 Ng4 12. e6 fxe6 13. Bg5 Nf6 14. d6 a6 15. O-O
Nbd7 16. Ne4 b6 17. Ne5 Nxe4 18. Bxd8 Bxe5 19. Bf3 Bd4+ 20. Kh1 Rxd8 21. Bxe4
Rb8 22. Qg4 Ne5 23. Qg3 Bd7 24. h4 Rf8 25. Rad1 Bxb2 26. h5 Kg7 27. Rf2 Rxf2
28. Qxf2 Nc4 29. Rf1 Bb5 30. hxg6 Kh8 31. Qh4 Bd4 1-0

[Event "BL 1112 USV TU Dresden - SG Solingen"]
[Site "Dresden"]
[Date "2012.03.17"]
[Round "12.8"]
[White "Loxine, Jakow"]
[Black "Andersen, Mads"]
[Result "0-1"]
[WhiteElo "2399"]
[BlackElo "2398"]
[PlyCount "42"]
[EventDate "2011.10.14"]

1. e4 c5 2. Nf3 e6 3. d3 Nc6 4. g3 g6 5. d4 cxd4 6. Nxd4 Bg7 7. Nb5 d5 8. exd5
exd5 9. Qxd5 Qe7+ 10. Be2 Bg4 11. f3 Rd8 12. Qb3 a6 13. fxg4 axb5 14. c3 Nf6
15. Bg5 O-O 16. Bxf6 Bxf6 17. Na3 Qe3 18. Kf1 Rfe8 19. Qxb5 Re5 20. Qc4 Na5 21.
Nc2 Qd2 0-1

[Event "BL 1112 SK König Tegel - SC Remagen"]
[Site "Dresden"]
[Date "2012.03.17"]
[Round "12.1"]
[White "Fedorchuk, Sergey"]
[Black "Rabiega, Robert"]
[Result "1-0"]
[WhiteElo "2635"]
[BlackElo "2501"]
[PlyCount "87"]
[EventDate "2011.10.14"]

1. e4 e5 2. Bc4 Nf6 3. d3 Nc6 4. Nf3 Bc5 5. c3 d6 6. Bb3 a6 7. O-O Ba7 8. Be3
O-O 9. Nbd2 h6 10. h3 Re8 11. Re1 Bxe3 12. fxe3 d5 13. exd5 Nxd5 14. Qe2 Be6
15. Qf2 Nf6 16. Bc2 Qd7 17. d4 exd4 18. exd4 b5 19. Nb3 Bxb3 20. axb3 Rxe1+ 21.
Rxe1 Re8 22. Ra1 a5 23. Nh4 Ne4 24. Qf5 Qe7 25. Nf3 Nf6 26. Re1 Qd8 27. Qxb5
Rxe1+ 28. Nxe1 Qe7 29. Kf2 Ne4+ 30. Bxe4 Qxe4 31. Nf3 g6 32. Qe2 Qd5 33. Qc4
Qd6 34. Qc5 Qf6 35. d5 Ne7 36. Qxa5 Qd6 37. c4 Nf5 38. Kg1 Qf4 39. Qe1 Kh7 40.
Qd2 Qe4 41. Kh2 Ne3 42. Qd4 Nf1+ 43. Kg1 Qb1 44. Kf2 1-0

[Event "BL 1112 SK König Tegel - SC Remagen"]
[Site "Dresden"]
[Date "2012.03.17"]
[Round "12.2"]
[White "Stern, Rene"]
[Black "Jones, Gawain C B"]
[Result "1/2-1/2"]
[WhiteElo "2506"]
[BlackElo "2624"]
[PlyCount "94"]
[EventDate "2011.10.14"]

1. d4 Nf6 2. c4 g6 3. Nc3 Bg7 4. e4 d6 5. Nf3 O-O 6. Be2 e5 7. O-O Nc6 8. d5
Ne7 9. Ne1 Nd7 10. f3 f5 11. g4 Kh8 12. Kh1 c6 13. Nd3 f4 14. Bd2 g5 15. Rg1
Nf6 16. Be1 b5 17. b3 a5 18. Bf2 Rb8 19. Rc1 Rf7 20. dxc6 Nxc6 21. Nxb5 h5 22.
gxh5 Nxh5 23. Ne1 Rd7 24. Rc2 Bf8 25. Rd2 Qe7 26. Bf1 Rd8 27. Nc2 Qf6 28. a3
Rb7 29. b4 Rh7 30. Nc3 axb4 31. axb4 Ng7 32. Bb6 Rd7 33. b5 Nd8 34. c5 dxc5 35.
Rxd7 Bxd7 36. Qxd7 Qxb6 37. Nd5 Qh6 38. h3 Nge6 39. Qe8 Ra7 40. Ne1 Ra1 41. Nd3
Rxf1 42. Rxf1 Qxh3+ 43. Kg1 Qg3+ 44. Kh1 Qh4+ 45. Kg2 Qg3+ 46. Kh1 Qh3+ 47. Kg1
Qg3+ 1/2-1/2